Наваждения (Запись № 1386927)

Подробности
000 -МАРКЕР
контрольное поле 02316nam0a2200373 4500
001 - ИДЕНТИФИКАТОР ЗАПИСИ
контрольное поле RU\NLR\bibl\846610
005 - ИДЕНТИФИКАТОР ВЕРСИИ
контрольное поле 20260407120429.0
010 ## - МЕЖДУНАРОДНЫЙ СТАНДАРТНЫЙ НОМЕР КНИГИ (ISBN)
Номер (ISBN) 5-02-033244-5
Тираж 410
021 ## - НОМЕР ГОСУДАРСТВЕННОЙ РЕГИСТРАЦИИ
Код страны Российская Федерация
Номер 2005-22994
Номер Листа государственной регистраци 1169
035 ## - ДРУГИЕ СИСТЕМНЫЕ НОМЕРА
Идентификатор записи (NLR Aleph) 000835385
100 ## - ДАННЫЕ ОБЩЕЙ ОБРАБОТКИ
Данные общей обработки 20050930d2005 |||y0rusy50 ca
101 0# - ЯЗЫК РЕСУРСА
Язык текста, звукозаписи и т.д. русский
102 ## - СТРАНА ПУБЛИКАЦИИ ИЛИ ПРОИЗВОДСТВА
Страна публикации Российская Федерация
105 ## - ПОЛЕ КОДИРОВАННЫХ ДАННЫХ: ТЕКСТОВЫЕ МАТЕРИАЛЫ, МОНОГРАФИЧЕСКИЕ
Кодированные данные о монографическом текстовом документе y |||||||||
200 1# - ЗАГЛАВИЕ И СВЕДЕНИЯ ОБ ОТВЕТСТВЕННОСТИ
Основное заглавие Наваждения
Сведения, относящиеся к заглавию к истории "русской идеи" во французской литературе XX века.
-- материалы российско-французского коллоквиума ( Санкт-Петербург, 2-3 июля, 2001 г.)
Первые сведения об ответственности [отв. ред. д.филол.н. С.Л. Фокин]
210 ## - ПУБЛИКАЦИЯ, РАСПРОСТРАНЕНИЕ И ДР.
Место издания, распространения и т.д. Москва
Имя издателя, распространителя и т. д. Наука
Дата издания, распространения и т.д. 2005
215 ## - ФИЗИЧЕСКАЯ ХАРАКТЕРИСТИКА
Специфическое обозначение материала и объем 233, [3] с.
Размеры 17
300 ## - ОБЩИЕ ПРИМЕЧАНИЯ
Текст примечания В надзаг.: Рос. акад. наук, Науч. совет "История мировой культуры", Комис. по лит. и интеллект. культуре Франции
320 ## - ПРИМЕЧАНИЯ О НАЛИЧИИ В ДОКУМЕНТЕ БИБЛИОГРАФИИ / УКАЗАТЕЛЯ
Текст примечания Библиогр. в подстроч. прим.
606 1# - НАИМЕНОВАНИЕ ТЕМЫ КАК ПРЕДМЕТ
Наименование темы Французская литература
Формальный подзаголовок Съезды, совещания и т.п.
Тематический подзаголовок Связи с русской литературой
Хронологический подзаголовок 20 в.
Системный номер авторитетной/нормативной записи 2401366
Идентификатор авторитетной/нормативной записи RU\NLR\auth\661431398
606 1# - НАИМЕНОВАНИЕ ТЕМЫ КАК ПРЕДМЕТ
Наименование темы Французская литература
Формальный подзаголовок Съезды, совещания и т.п
Тематический подзаголовок Связи
-- Русская литература
Хронологический подзаголовок 20 в.
Системный номер авторитетной/нормативной записи 2237775
Идентификатор авторитетной/нормативной записи RU\NLR\AUTH\6601574618
606 1# - НАИМЕНОВАНИЕ ТЕМЫ КАК ПРЕДМЕТ
Наименование темы Русская литература
Формальный подзаголовок Съезды, совещания и т.п.
Тематический подзаголовок Связи с французской литературой
Системный номер авторитетной/нормативной записи 1190144
Идентификатор авторитетной/нормативной записи RU\NLR\auth\66162297
686 ## - ИНДЕКСЫ ДРУГИХ КЛАССИФИКАЦИЙ
Индекс Ш5(4Фр)6-318.3я431
686 ## - ИНДЕКСЫ ДРУГИХ КЛАССИФИКАЦИЙ
Индекс Ш5(2=Р)-318.3я431
702 #1 - ИМЯ ЛИЦА - ВТОРИЧНАЯ ОТВЕТСТВЕННОСТЬ
Код отношения Редактор
Графика поля Кириллица
Материалы, к которым относится поле rus
Начальный элемент ввода Фокин
Часть имени, кроме начального элемента ввода С. Л.
Дополнения к именам, кроме дат д-р филол. наук
Даты 1959-
Расширение инициалов личного имени Сергей Леонидович
Системный номер авторитетной/нормативной записи 117921
Идентификатор авторитетной/нормативной записи RU\NLR\auth\778000
712 02 - НАИМЕНОВАНИЕ ОРГАНИЗАЦИИ - ВТОРИЧНАЯ ОТВЕТСТВЕННОСТЬ
Код отношения Прочие
Начальный элемент ввода Российская академия наук
Структурное подразделение Комиссия по литературе и интеллектуальной культуре Франции
Системный номер авторитетной/нормативной записи 639434
Идентификатор авторитетной/нормативной записи RU\NLR\AUTH\8810068908
801 #0 - ИСТОЧНИК ЗАПИСИ
Страна Российская Федерация
Организация NLR
Дата составления 20050930
Правила каталогизации rcr
801 #1 - ИСТОЧНИК ЗАПИСИ
Страна Российская Федерация
Организация NLR
Дата составления 20050930
942 ## - ДОПОЛНИТЕЛЬНЫЕ ЭЛЕМЕНТЫ ЗАПИСИ (АБИС)
Тип экземпляра АБИС Книга
980 ## - КОЛЛЕКЦИЯ
Название коллекции Национальная библиография
Экземпляры
Тип экземпляра Дата поступления Источник поступления Библиотека постоянного хранения Библиотека текущего хранения Место хранения Шифр хранения Штрих-код Статус экземпляра Стоимость
Книга 30.09.2005 Обязательный экземпляр РНБ (Московский) РНБ (Московский) Русский книжный фонд: издания с 1957 года 2005-2/4560 1-784696    
Книга 30.09.2005 Обязательный экземпляр РНБ (Московский) РНБ (Московский) Русский книжный фонд: издания с 1957 года 2005-2/4560 2003487    
Книга 12.10.2005 Покупка РНБ (Московский) РНБ (Московский) Фонд общего зала литературы по филологии, педагогике и искусству (гуманитарной литературы) Л1 Ш5(4Фр)/Н-150 1-426900   50.00
Книга 12.10.2005 Покупка РНБ (Садовая) РНБ (Садовая) Фонд научного зала литературы и искусства Л2 Ш5(4Фр)/Н-150 1-216857